| 000 | 01213nam a2200253Ia 4500 | ||
|---|---|---|---|
| 999 |
_c52676 _d52676 |
||
| 001 | 19700 | ||
| 003 | GE_BSU | ||
| 005 | 20200328204939.0 | ||
| 008 | 181216s1979||||ge |||||||||||||| ||geo|| | ||
| 040 | _cGE_BSU | ||
| 041 | _ageo | ||
| 080 | _a811.353.1-26 შ-21 | ||
| 100 |
_aშანიძე, აკაკი _95491 |
||
| 245 |
_aსალიტერატურო ქართულის საჭირბოროტო საკითხები / _cაკაკი შანიძე ; რედ. ვ. პაიკიძე. |
||
| 264 |
_aთბილისი : _bგანათლება, _c1979. |
||
| 300 |
_a237გვ. : _b ილ. ; _c20 სმ. |
||
| 490 | _aმასწავლებლის თანამგზავრი | ||
| 653 | _aმასწავლებლის თანამგზავრი | ||
| 653 | _aსალიტერატურო ქართულის საჭირბოროტო საკითხები | ||
| 653 | _aქართული ენა | ||
| 653 | _aქართული სალიტერატურო ენა | ||
| 700 |
_aპაიკიძე, ვ. _eრედაქტორი _97826 |
||
| 942 |
_cBK _2udc |
||